Pays limitrophes des Pays commençant par la lettre M - Statistiques

Statistiques générales
  • Ce quiz a été pris 418 fois
    393 depuis la dernière actualisation
  • Le résultat moyen est 32 sur 36
Statistiques - réponses
Réponse % Correct
Chine
99%
Algérie
98%
Etats-Unis
97%
France
96%
Kosovo
95%
Serbie
95%
Albanie
94%
Grèce
94%
Roumanie
94%
Russie
94%
Thaïlande
94%
Guatemala
93%
Mauritanie
92%
Niger
92%
Bosnie-Herzégovine
91%
Bulgarie
91%
Sénégal
91%
Ukraine
91%
Croatie
90%
Inde
90%
Afrique du Sud
89%
Indonésie
89%
Mali
89%
Zambie
89%
Tanzanie
88%
Zimbabwe
88%
Belize
86%
Bangladesh
84%
Guinée
83%
Laos
82%
Burkina Faso
81%
Malawi
76%
Mozambique
74%
Côte d'Ivoire
71%
Brunei
69%
Swaziland
57%
Aucun quiz correspondant
Distribution des résultats
% des personnes avec chaque résultat
Percentile par nombre de réponses
Votre historique - résultats
Vous n’avez pas pris ce quiz depuis la dernière actualisation